000 00295nam a2200121 i 4500
001 bg
245 0 _aInformatyka w projektowaniu architektoniczno-budowlanym.
_nCz.4.
260 _aSzczecin,
_c1986.
040 _cBPK
041 _apol
942 _cKS
008 s pl f |000 0 pol
999 _c28503
_d28503
856 _uhttp://koha.tu.koszalin.pl/cgi-bin/koha/opac-detail.pl?biblionumber=28503
_yKatalog online BPK